LEADER 01164nam0-22003971i-450- 001 990006397330403321 005 20130424124030.0 010 $a88-14-06853-4 035 $a000639733 035 $aFED01000639733 035 $a(Aleph)000639733FED01 035 $a000639733 100 $a20111111d1998----km-y0itay50------ba 101 0 $aita 102 $aIT 105 $ay-------001yy 200 1 $a<>amministratori di fatto delle società di capitali$fNiccolò Abriani 210 $aMilano$cGiuffrè$d1998 215 $aXV, 332 p.$d24 cm 225 1 $aQuaderni di Giurisprudenza commerciale$v182 610 0 $aSocietà di capitali$aAmministratori 676 $a346.066 676 $a346.450 66 700 1$aAbriani,$bNiccolò$0382762 801 0$aIT$bUNINA$gRICA$2UNIMARC 901 $aBK 912 $a990006397330403321 952 $aDPR 12/82-182$b16645$fDEC 952 $aVIII G 244 (182)$b36847*$fFGBC 952 $aCOLLEZ. 623 (182)$b33731$fFSPBC 952 $a13-CB-596$b10090$fDDCP 959 $aFGBC 959 $aFSPBC 959 $aDDCP 996 $aAmministratori di fatto delle società di capitali$9192423 997 $aUNINA LEADER 00844nam0 2200253 450 001 000010801 005 20190606153400.0 100 $a20080508d1909----km-y0itay50------ba 101 0 $aita 102 $aIT 105 $ay-------001-y 200 1 $a<>réclame dal punto di vista economico$fCarlo Cassola 210 $aTorino [etc.]$cFratelli Bocca$d1909 215 $aXVI, 142 p.$d25 cm 300 $aEstr. da: Atti del r. istituto d'incoraggiamento di Napoli, serie 6. vol. 5 610 1 $aPubblicità$aAspetti economici$a1909 676 $a380.14$v20 700 1$aCassola,$bCarlo$f<1879-1931>$0139362 801 0$aIT$bUNIPARTHENOPE$c20080508$gRICA$2UNIMARC 912 $a000010801 951 $a380.14/101$b8227$cNAVA4 951 $a380.14/101(2)$b8227$cNAVA1 996 $aReclame dal punto di vista economico$9636426 997 $aUNIPARTHENOPE